000 00839nam a2200193 a 4500
001 000017701
005 20200929165212.0
008 100330s1977 dr 000 0 spa d
040 _aDO-SdBNP
_bspa
_cBNPHU
082 _axxx
_bG633m
100 1 _aGómez de Peña, Josefina
_938544
245 1 4 _aLos moluscos gasterópodos y bivalvos de la colección del Centro de Investigaciones de Biología Marina, Universidad Autónoma de Santo Domingo /
_cJosefina Gómez de Peña, Cecilio Díaz Carela, Idelisa Bonnelly de Calventi.
260 _aSanto Domingo :
_bCentro de Investigaciones de Biología Marina, Universidad Autónoma de Santo Domingo,
_c1977.
300 _a18 p. ;
_c23 cm.
500 _aIncluye bibliografías [p. 18]
700 1 _aDíaz Carela, Cecilio
_910256
700 1 _aBonnelly de Calventi, Idelisa
_936618
049 _aBNPD
999 _c17226
_d17226